| 000 | 00543nam a2200181Ia 4500 | ||
|---|---|---|---|
| 008 | 240729s9999 xx 000 0 und d | ||
| 022 | _a1600-0870 | ||
| 245 | 0 | _aTellus: Series A, Dynamic Meteorology and Oceanography | |
| 260 | _aSweden | ||
| 260 | _bStockholm University Press | ||
| 650 | _a Meteorology. Climatology | ||
| 650 | _a Oceanography | Science | ||
| 650 | _a Physics | ||
| 650 | _aGeography. Anthropology. Recreation | ||
| 856 | _uhttps://doaj.org/toc/693953592eb8430981b83ee00ec74b24 | ||
| 942 | _2ddc | ||
| 942 | _cDOAJEJ | ||
| 999 |
_c69222 _d69222 |
||
| 945 |
_a1 _bMadushi Gamage _c1 _dMadushi Gamage |
||